000 00551nam a22001817a 4500
005 20251108165211.0
008 250721s1994 xx 000 0 ara d
082 1 4 _a910.4/يون
100 1 _aالمصري، يونس
245 1 0 _aرحلات فارتيما /
264 1 _aالقاهره :
_bالهيئه المصريه العامه للكتاب،
_c1994.
300 _a222ص
650 1 7 _aالسفر
650 1 7 _aالسياحه
700 1 _aالشيخ، عبد الرحمن عبد الله
_eترجمة
942 _2ddc
_cBK
999 _c21939
_d21939